| 000 | 00342nam a22001457a 4500 | ||
|---|---|---|---|
| 082 | _a368 DIN | ||
| 100 | _aDingman W. H | ||
| 245 | _aRisk Appraisal | ||
| 250 | _a2nd Edition | ||
| 260 |
_bThe National Underwriter company _c1957 |
||
| 300 |
_avii;781cm _bill,;22cm |
||
| 500 | _aincludes; index | ||
| 650 | _aRisk Appraisal | ||
| 942 | _cBK | ||
| 999 |
_c17187 _d17187 |
||